LEADER 01250nam0-2200361---450- 001 990010026780403321 005 20160108162340.0 010 $a978-88-06-18977-8 035 $a001002678 035 $aFED01001002678 035 $a(Aleph)001002678FED01 035 $a001002678 100 $a20160108d2000----km-y0itay50------ba 101 1 $aita$cfre 102 $aIT 105 $a--------001yy 200 1 $aIo, Pierre Rivière$eavendo sgozzato mia madre, mia sorella e mio fratello ...$eun caso di parricidio nel XIX secolo$fa cura di Michel Foucault$gintroduzione di Paolo Crepet$gtraduzione di Alessandro Fontana e Pasquale Pasquino 205 $aprima edizione <>politecnico 1976 210 $aTorino$cEinaudi$d2000 215 $a291 p.$d20 cm 225 1 $aET$iSaggi$v710 454 0$12001$aMoi, Pierre Rivière$eayant égéorge ma mère ma soure et mon frère ...$91506988 610 0 $aOmicidio premeditato 676 $a194$v22$zita 676 $a364.1523$v22$zita 700 1$aFoucault,$bMichel$f<1926-1984>$0124914 801 0$aIT$bUNINA$gRICA$2UNIMARC 901 $aBK 912 $a990010026780403321 952 $a194 FOU 13$b2194$fBFS 959 $aBFS 996 $aMoi, Pierre Rivière$91506988 997 $aUNINA LEADER 01814nas 2200565- 450 001 9910799266803321 005 20250918110042.0 011 $a1865-9403 035 $a(DE-599)ZDB2445654-8 035 $a(OCoLC)617045803 035 $a(CKB)110978978735133 035 $a(CONSER)--2016207412 035 $a(DE-599)2445654-8 035 $a(EXLCZ)99110978978735133 100 $a20100517a19859999 s-- a 101 0 $aeng 135 $aurbn||||||abp 135 $aurbn||||||ada 181 $ctxt$2rdacontent 181 $2rdacontent 182 $cc$2rdamedia 183 $acr$2rdacarrier 200 00$aLexicographica $eInternational Annual for Lexicography, Revue Internationale de Lexicographie, Internationales Jahrbuch für Lexikographie 210 1$cMax Niemeyer Verlag,$d[1985]- 210 31$aBerlin :$cDe Gruyter 215 $a1 online resource (volumes) $cillustrations 311 08$a0175-6206 517 1 $aInternational Annual for Lexicography 517 1 $aRevue Internationale de Lexicographie 517 1 $aInternationales Jahrbuch für Lexikographie 531 $aLEXICOGRAPHICA INTERNATIONAL ANNUAL FOR LEXICOGRAPHY 606 $aLexicography$vPeriodicals 606 $aLexicography 606 $aLexicographie 606 $aLexicographie$vPériodiques 606 $aLexicography$2fast$3(OCoLC)fst00997021 606 $aLexicografie$2gtt 608 $aPeriodicals.$2lcgft 615 0$aLexicography 615 0$aLexicography. 615 6$aLexicographie. 615 6$aLexicographie 615 7$aLexicography. 615 17$aLexicografie. 712 02$aDictionary Society of North America, 712 02$aEuropean Association for Lexicography, 906 $aJOURNAL 912 $a9910799266803321 996 $aLexicographica$9791143 997 $aUNINA